Villes dans la littérature - Click Quiz - Statistiques

Statistiques générales
  • Ce quiz a été pris 3 100 fois
  • Le résultat moyen est 8 sur 16
Statistiques - réponses
Hint Réponse % Correct
Cyrano de __ (Rostand) Bergerac
100%
La Princesse de __ (La Fayette) Clèves
82%
Le Barbier de __ (Beaumarchais) Séville
81%
Les Sorcières de __ (Miller) Salem
74%
__ est une fête (Hemingway) Paris
71%
La Chartreuse de __ (Stendhal) Parme
68%
Les Musiciens de __ (Grimm) Brême
52%
__ mon amour (Duras) Hiroshima
48%
Les Sept contre __ (Eschyle) Thèbes
45%
La Mort à __ (Mann) Venise
39%
Les Demoiselles de __ (Simenon) Concarneau
32%
Les Gens de __ (Joyce) Dublin
29%
Les cloches de __ (Aragon) Bâle
25%
Les égouts de __ (Connelly) Los Angeles
24%
Adieu à __ (Isherwood) Berlin
22%
L'Automne à __ (Vian) Pékin
14%
Aucun quiz correspondant
Distribution des résultats
% des personnes avec chaque résultat
Percentile par nombre de réponses
Votre historique - résultats
Vous n’avez pas pris ce quiz